Eagles Offence quiz - Statistics

General Stats
  • This quiz has been taken 19 times
  • The average score is 9 of 12
Answer Stats
Hint Answer % Correct
WR AJ Brown
100%
WR Devonte Smith
100%
QB Jalen Hurts
100%
RB Saquon Barkley
100%
TE Dallas Goedert
88%
OL Lane Johnson
88%
C Cam Jurgens
82%
OL Landon Dickerson
82%
WR Jhaid Dotson
71%
OL Jordan Mailata
71%
OL Mahki Beckton
24%
TE Grant Calcatara
6%
No matching quizzes found
Score Distribution
Percent of People with Each Score
Percentile by Number Answered
Your Score History
You have not taken this quiz